000 01732nam a2200313 a 4500
001 000048877
003 DO-SdBPM
005 20251031084025.0
007 ta
008 190424s2016 dr 000 0 spa d
040 _aDO-SdBNP
_bspa
_cBPMSU
_drda
082 4 _a342.068
_bR426c 2011
_222
110 1 _aRepública Dominicana.
_b[Leyes, etc.]
245 1 0 _aCompendio de normas sobre profesionalización de la función pública :
_b(Ley de Función Pública y sus reglamentos de aplicación) y ley organica de adminsitracion pública Ley No. 247-12 /
_cpresentación ; Ramón Ventura Camejo.
250 _a15ta ed.
264 _aSanto Domingo :
_bMinisterio de Administración Pública,
_c2011
300 _a271 páginas ;
_c23 cm.
336 _atexto
_btxt
_2rdacontent
337 _asin mediación
_bn
_2rdamedia
338 _avolumen
_bnc
_2rdacarrier
505 0 _aPresentación -- Ley No. 41-08 de Función Pública -- Reglamento de Relaciones Laborales en la Administración Pública No. 523-09 -- Reglamento de Reclutamiento y Selección de Personal en la Administración Pública No. 251-15 -- Reglamento de Evaluación del Desempeño y Promoción de los Servidores y Funcionarios de la Administración Pública No. 525-09 -- Reglamento de Estructuras Organizativa, cargos y política salarial No. 527-09 -- Ley Orgánica de Administración Pública (Ley No. 247-12).
590 _aInventariado, 2025/VM
650 7 _aFuncionarios públicos
_z República Dominicana
_2
650 7 _aAdministración pública
_zRepública Dominicana
650 7 _2Carrera administrativa
_zRepública Dominicana
700 1 _aVentura Camejo, Ramón,
_epresentación
910 _aVMateo V. Control de calidad BPMSU
942 _2ddc
_cBK
999 _c15482
_d15482